| 000 | 01061nac a22002411u 4500 | ||
|---|---|---|---|
| 008 | 091022t xxu||||| |||| 00| 0 eng d | ||
| 010 | _a 2004040022 | ||
| 020 | _a0130084611 | ||
| 022 | _a0130304727 | ||
| 082 | 0 | 0 |
_a338.5 _bPIN _222 |
| 100 |
_aPindyck, Robert S. _99066 |
||
| 245 | 1 | 0 |
_aMicroeconomics / _cRobert S. Pindyck, Daniel L. Rubinfeld. |
| 250 |
_a5th ed. _bInternational ed. |
||
| 260 |
_aUpper Saddle River, N.J. : _bPearson Prentice Hall, 2005 _cc2005. |
||
| 300 |
_axxix, 720 p. : _bill. (some col.) ; _c27 cm. |
||
| 500 | _aIntarnational Edition. | ||
| 504 | _aIncludes bibliographies and index. | ||
| 650 | 0 |
_aMicroeconomics. _99067 |
|
| 700 | 1 |
_aRubinfeld, Daniel L. _99068 |
|
| 942 |
_cBB _k338.5 PIN _2ddc |
||
| 999 |
_c4312 _d4312 |
||